Platební morálka v Česku: Jsme stále východní Evropa...
Zhoršenie platobnej morálky v období krízy. Porovnanie platobnej morálky Česka a okolitých krajín strednej Európy (2010-2012). Porovnanie platobnej morálky Česka a krajín západnej Európy (2010-2012). Platobná morálka podľa odvetví v ČR. Index ČSOB Factoring. Povinná splatnosť pohľadávok.
Salvato in:
| Autore principale: | |
|---|---|
| Natura: | Capitolo di libro |
| Lingua: | ceco |
| Soggetti: | |
| Tags: |
Nessun Tag, puoi essere il primo ad aggiungerne!!
|
MARC
| LEADER | 00000naa a2200000 4500 | ||
|---|---|---|---|
| 001 | 0161719 | ||
| 005 | 20240315070627.7 | ||
| 041 | 0 | |a cze | |
| 044 | |a CZ | ||
| 245 | 1 | 0 | |a Platební morálka v Česku: Jsme stále východní Evropa... |c Petr Zámečník |
| 520 | |a Zhoršenie platobnej morálky v období krízy. Porovnanie platobnej morálky Česka a okolitých krajín strednej Európy (2010-2012). Porovnanie platobnej morálky Česka a krajín západnej Európy (2010-2012). Platobná morálka podľa odvetví v ČR. Index ČSOB Factoring. Povinná splatnosť pohľadávok. | ||
| 610 | 2 | 0 | |a financie |
| 610 | 2 | 0 | |a platby hladké |
| 610 | 2 | 0 | |a platby obchodné |
| 610 | 2 | 0 | |a faktúry |
| 610 | 2 | 0 | |a morálka |
| 610 | 2 | 0 | |a pohľadávky |
| 610 | 2 | 0 | |a Česko |
| 610 | 2 | 0 | |a Európa |
| 100 | 1 | |a Zámečník, Petr | |